[Event "Hoogeveen Open"]
[Site "Hoogeveen, Netherlands"]
[Date "2018.10.21"]
[Round "2.40"]
[White "Van Dorp, Folke"]
[Black "Husers, Yannic"]
[Result "1-0"]
[WhiteElo "2097"]
[BlackElo "1866"]

1. e4 {[%clk 01:30:57]} {[%emt 00:00:02]} e5 {[%clk 01:30:55]} {[%emt
00:00:05]} 2. Nf3 {[%clk 01:31:22]} {[%emt 00:00:06]} Nc6 {[%clk 01:31:19]}
{[%emt 00:00:06]} 3. Nc3 {[%clk 01:31:28]} {[%emt 00:00:23]} Bb4 {[%clk
01:30:24]} {[%emt 00:01:24]} 4. Nd5 {[%clk 01:31:31]} {[%emt 00:00:27]} Be7
{[%clk 01:29:36]} {[%emt 00:01:19]} 5. Bc4 {[%clk 01:27:01]} {[%emt 00:05:00]}
Nf6 {[%clk 01:28:09]} {[%emt 00:01:58]} 6. d3 {[%clk 01:24:00]} {[%emt
00:03:31]} h6 {[%clk 01:24:58]} {[%emt 00:03:40]} 7. c3 {[%clk 01:20:58]}
{[%emt 00:03:32]} d6 {[%clk 01:21:37]} {[%emt 00:03:52]} 8. h3 {[%clk
01:15:40]} {[%emt 00:05:48]} O-O {[%clk 01:17:58]} {[%emt 00:04:08]} 9. b4
{[%clk 01:12:46]} {[%emt 00:03:23]} Nh7 {[%clk 01:09:24]} {[%emt 00:09:04]} 10.
O-O {[%clk 01:11:19]} {[%emt 00:01:58]} Kh8 {[%clk 01:03:32]} {[%emt 00:06:21]}
11. d4 {[%clk 01:06:48]} {[%emt 00:05:02]} f5 {[%clk 01:00:10]} {[%emt
00:03:52]} 12. exf5 {[%clk 01:00:54]} {[%emt 00:06:24]} e4 {[%clk 00:52:31]}
{[%emt 00:08:08]} 13. Nh2 {[%clk 00:57:58]} {[%emt 00:03:27]} Bxf5 {[%clk
00:44:45]} {[%emt 00:08:16]} 14. Qh5 {[%clk 00:58:06]} {[%emt 00:00:21]} Ng5
{[%clk 00:33:46]} {[%emt 00:11:30]} 15. Ng4 {[%clk 00:51:44]} {[%emt 00:06:52]}
Kh7 {[%clk 00:30:44]} {[%emt 00:03:30]} 16. Nxe7 {[%clk 00:43:15]} {[%emt
00:09:01]} Qxe7 {[%clk 00:26:57]} {[%emt 00:04:16]} 17. Ne3 {[%clk 00:40:53]}
{[%emt 00:02:53]} Bg6 {[%clk 00:23:58]} {[%emt 00:03:29]} 18. Qg4 {[%clk
00:39:02]} {[%emt 00:02:20]} h5 {[%clk 00:18:38]} {[%emt 00:05:50]} 19. Qg3
{[%clk 00:38:58]} {[%emt 00:00:35]} Nf3+ {[%clk 00:18:21]} {[%emt 00:00:48]} 20.
gxf3 {[%clk 00:34:53]} {[%emt 00:04:34]} Rxf3 {[%clk 00:18:40]} {[%emt
00:00:12]} 21. Qg2 {[%clk 00:34:52]} {[%emt 00:00:29]} Raf8 {[%clk 00:17:30]}
{[%emt 00:01:41]} 22. Be2 {[%clk 00:34:11]} {[%emt 00:01:11]} Qh4 {[%clk
00:16:47]} {[%emt 00:01:12]} 23. Bxf3 {[%clk 00:33:00]} {[%emt 00:01:41]} Rxf3
{[%clk 00:17:09]} {[%emt 00:00:09]} 24. Nd5 {[%clk 00:31:57]} {[%emt 00:01:34]}
Rf5 {[%clk 00:15:48]} {[%emt 00:01:50]} 25. Nxc7 {[%clk 00:26:50]} {[%emt
00:05:37]} Ne7 {[%clk 00:15:07]} {[%emt 00:01:11]} 26. Ne6 {[%clk 00:26:49]}
{[%emt 00:00:32]} Nd5 {[%clk 00:15:10]} {[%emt 00:00:26]} 27. Bg5 {[%clk
00:25:33]} {[%emt 00:01:45]} 1-0

[Event "Hoogeveen Open"]
[Site "Hoogeveen, Netherlands"]
[Date "2018.10.22"]
[Round "3.1"]
[White "Kevlishvili, Robby"]
[Black "Amin, Bassem"]
[Result "1/2-1/2"]
[WhiteElo "2461"]
[BlackElo "2686"]

1. e4 {[%clk 01:30:57]} {[%emt 00:00:03]} e5 {[%clk 01:28:59]} {[%emt
00:02:01]} 2. Nf3 {[%clk 01:31:20]} {[%emt 00:00:07]} Nc6 {[%clk 01:29:23]}
{[%emt 00:00:07]} 3. Bb5 {[%clk 01:31:44]} {[%emt 00:00:06]} a6 {[%clk
01:29:47]} {[%emt 00:00:05]} 4. Ba4 {[%clk 01:32:09]} {[%emt 00:00:05]} Nf6
{[%clk 01:30:13]} {[%emt 00:00:05]} 5. O-O {[%clk 01:32:33]} {[%emt 00:00:06]}
Nxe4 {[%clk 01:29:34]} {[%emt 00:01:09]} 6. d4 {[%clk 01:32:56]} {[%emt
00:00:07]} b5 {[%clk 01:30:00]} {[%emt 00:00:05]} 7. Bb3 {[%clk 01:33:22]}
{[%emt 00:00:03]} d5 {[%clk 01:30:24]} {[%emt 00:00:07]} 8. dxe5 {[%clk
01:33:47]} {[%emt 00:00:05]} Be6 {[%clk 01:30:46]} {[%emt 00:00:08]} 9. Be3
{[%clk 01:29:24]} {[%emt 00:04:53]} Be7 {[%clk 01:30:59]} {[%emt 00:00:17]} 10.
c3 {[%clk 01:27:25]} {[%emt 00:02:29]} Nc5 {[%clk 01:31:11]} {[%emt 00:00:18]}
11. h3 {[%clk 01:25:33]} {[%emt 00:02:21]} Nxb3 {[%clk 01:24:53]} {[%emt
00:06:49]} 12. axb3 {[%clk 01:25:34]} {[%emt 00:00:29]} O-O {[%clk 01:24:54]}
{[%emt 00:00:29]} 13. Nbd2 {[%clk 01:25:37]} {[%emt 00:00:27]} Qd7 {[%clk
01:18:01]} {[%emt 00:07:23]} 14. Qe2 {[%clk 01:02:34]} {[%emt 00:23:33]} Rfe8
{[%clk 01:12:24]} {[%emt 00:06:06]} 15. Rfd1 {[%clk 00:59:26]} {[%emt
00:03:39]} Bf5 {[%clk 01:11:43]} {[%emt 00:01:11]} 16. Nf1 {[%clk 00:47:29]}
{[%emt 00:12:27]} Bf8 {[%clk 00:47:10]} {[%emt 00:25:02]} 17. Bf4 {[%clk
00:40:51]} {[%emt 00:07:08]} f6 {[%clk 00:44:27]} {[%emt 00:03:13]} 18. Ne3
{[%clk 00:39:46]} {[%emt 00:01:35]} fxe5 {[%clk 00:44:31]} {[%emt 00:00:26]} 19.
Rxd5 {[%clk 00:39:40]} {[%emt 00:00:36]} Bd6 {[%clk 00:44:22]} {[%emt
00:00:39]} 20. Nxf5 {[%clk 00:37:52]} {[%emt 00:02:19]} Qxf5 {[%clk 00:44:35]}
{[%emt 00:00:17]} 21. Bg3 {[%clk 00:37:03]} {[%emt 00:01:19]} Ne7 {[%clk
00:44:15]} {[%emt 00:00:50]} 22. Rdd1 {[%clk 00:37:06]} {[%emt 00:00:27]} Ng6
{[%clk 00:44:23]} {[%emt 00:00:21]} 23. Nd2 {[%clk 00:34:10]} {[%emt 00:03:26]}
e4 {[%clk 00:41:00]} {[%emt 00:03:54]} 24. Bxd6 {[%clk 00:30:19]} {[%emt
00:04:21]} cxd6 {[%clk 00:41:23]} {[%emt 00:00:07]} 25. Nf1 {[%clk 00:28:06]}
{[%emt 00:02:43]} Nf4 {[%clk 00:41:23]} {[%emt 00:00:29]} 26. Qg4 {[%clk
00:27:38]} {[%emt 00:00:57]} Qe5 {[%clk 00:36:49]} {[%emt 00:05:04]} 27. Ne3
{[%clk 00:21:46]} {[%emt 00:06:22]} Rf8 {[%clk 00:33:42]} {[%emt 00:03:37]} 28.
Rd2 {[%clk 00:19:16]} {[%emt 00:03:00]} h5 {[%clk 00:25:19]} {[%emt 00:08:53]}
29. Qg3 {[%clk 00:13:33]} {[%emt 00:06:14]} Rae8 {[%clk 00:25:11]} {[%emt
00:00:38]} 30. h4 {[%clk 00:10:47]} {[%emt 00:03:15]} Rf6 {[%clk 00:22:48]}
{[%emt 00:02:53]} 31. Qg5 {[%clk 00:10:47]} {[%emt 00:00:30]} Qe6 {[%clk
00:23:11]} {[%emt 00:00:08]} 32. Rxa6 {[%clk 00:09:10]} {[%emt 00:02:07]} Nh3+
{[%clk 00:23:02]} {[%emt 00:00:38]} 33. gxh3 {[%clk 00:09:37]} {[%emt
00:00:04]} Rg6 {[%clk 00:23:27]} {[%emt 00:00:05]} 34. Rdxd6 {[%clk 00:09:47]}
{[%emt 00:00:19]} Rxg5+ {[%clk 00:23:45]} {[%emt 00:00:13]} 35. hxg5 {[%clk
00:10:13]} {[%emt 00:00:04]} Qxh3 {[%clk 00:23:00]} {[%emt 00:01:16]} 36. Ra7
{[%clk 00:10:03]} {[%emt 00:00:39]} Kh8 {[%clk 00:20:36]} {[%emt 00:02:53]} 37.
Rdd7 {[%clk 00:07:59]} {[%emt 00:02:35]} Rg8 {[%clk 00:20:39]} {[%emt
00:00:27]} 38. Rd5 {[%clk 00:07:06]} {[%emt 00:01:23]} Rf8 {[%clk 00:14:16]}
{[%emt 00:06:53]} 39. g6 {[%clk 00:03:56]} {[%emt 00:03:40]} Qf3 {[%clk
00:14:06]} {[%emt 00:00:39]} 40. Rf7 {[%clk 00:04:17]} {[%emt 00:00:10]} Rxf7
{[%clk 00:14:25]} {[%emt 00:00:11]} 41. gxf7 {[%clk 00:04:43]} {[%emt
00:00:04]} Qxf7 {[%clk 00:14:31]} {[%emt 00:00:24]} 42. Rxb5 {[%clk 00:05:07]}
{[%emt 00:00:06]} g6 {[%clk 00:03:38]} {[%emt 00:11:23]} 43. Rg5 {[%clk
00:21:42]} {[%emt 00:13:55]} Kh7 {[%clk 00:30:16]} {[%emt 00:03:52]} 44. b4
{[%clk 00:21:04]} {[%emt 00:01:08]} Kh6 {[%emt 00:01:09]} 45. Rg3 {[%clk
00:21:09]} Qb3 {[%clk 00:29:57]} {[%emt 00:00:35]} 46. Nf1 {[%clk 00:19:26]}
{[%emt 00:02:13]} Qxb2 {[%clk 00:26:39]} {[%emt 00:03:49]} 1/2-1/2

[Event "Hoogeveen Open"]
[Site "Hoogeveen, Netherlands"]
[Date "2018.10.22"]
[Round "3.2"]
[White "Safarli, Eltaj"]
[Black "Kuipers, Stefan"]
[Result "1/2-1/2"]
[WhiteElo "2676"]
[BlackElo "2467"]

1. e4 {[%clk 01:30:57]} {[%emt 00:00:03]} e6 {[%clk 01:30:55]} {[%emt
00:00:05]} 2. d4 {[%clk 01:30:33]} {[%emt 00:00:53]} d5 {[%clk 01:31:19]}
{[%emt 00:00:06]} 3. Nd2 {[%clk 01:30:37]} {[%emt 00:00:27]} c5 {[%clk
01:31:43]} {[%emt 00:00:07]} 4. Ngf3 {[%clk 01:31:02]} {[%emt 00:00:05]} cxd4
{[%clk 01:32:06]} {[%emt 00:00:07]} 5. Nxd4 {[%clk 01:31:12]} {[%emt 00:00:20]}
Nc6 {[%clk 01:32:29]} {[%emt 00:00:06]} 6. Bb5 {[%clk 01:31:30]} {[%emt
00:00:12]} Bd7 {[%clk 01:32:53]} {[%emt 00:00:06]} 7. Nxc6 {[%clk 01:31:54]}
{[%emt 00:00:06]} bxc6 {[%clk 01:33:17]} {[%emt 00:00:05]} 8. Bd3 {[%clk
01:32:19]} {[%emt 00:00:06]} Qc7 {[%clk 01:33:05]} {[%emt 00:00:41]} 9. O-O
{[%clk 01:31:06]} {[%emt 00:01:43]} Bd6 {[%clk 01:32:28]} {[%emt 00:01:07]} 10.
g3 {[%clk 01:28:44]} {[%emt 00:02:52]} Nf6 {[%clk 01:29:58]} {[%emt 00:03:00]}
11. c4 {[%clk 01:28:06]} {[%emt 00:01:09]} O-O {[%clk 01:23:12]} {[%emt
00:07:15]} 12. b3 {[%clk 01:25:21]} {[%emt 00:03:16]} dxe4 {[%clk 01:05:24]}
{[%emt 00:18:18]} 13. Nxe4 {[%clk 01:25:11]} {[%emt 00:00:40]} Nxe4 {[%clk
01:05:34]} {[%emt 00:00:21]} 14. Bxe4 {[%clk 01:25:34]} {[%emt 00:00:05]} Rad8
{[%clk 00:59:03]} {[%emt 00:07:02]} 15. Bb2 {[%clk 01:19:21]} {[%emt 00:06:43]}
e5 {[%clk 00:51:48]} {[%emt 00:07:46]} 16. Qe2 {[%clk 01:13:22]} {[%emt
00:06:29]} Rfe8 {[%clk 00:47:02]} {[%emt 00:05:16]} 17. Rad1 {[%clk 01:07:59]}
{[%emt 00:05:52]} g6 {[%clk 00:43:44]} {[%emt 00:03:48]} 18. Bc3 {[%clk
00:56:29]} {[%emt 00:12:00]} Bc5 {[%clk 00:41:27]} {[%emt 00:02:46]} 19. Rfe1
{[%clk 00:38:54]} {[%emt 00:18:05]} Bd4 {[%clk 00:37:24]} {[%emt 00:04:33]} 20.
Bd2 {[%clk 00:37:11]} {[%emt 00:02:13]} Kg7 {[%clk 00:29:23]} {[%emt 00:08:30]}
21. Be3 {[%clk 00:31:42]} {[%emt 00:06:00]} c5 {[%clk 00:20:08]} {[%emt
00:09:45]} 22. Qf3 {[%clk 00:25:31]} {[%emt 00:06:41]} h6 {[%clk 00:14:15]}
{[%emt 00:06:23]} 23. g4 {[%clk 00:22:48]} {[%emt 00:03:14]} Be6 {[%clk
00:11:22]} {[%emt 00:03:23]} 24. h3 {[%clk 00:20:41]} {[%emt 00:02:38]} a5
{[%clk 00:09:33]} {[%emt 00:02:19]} 25. Qg3 {[%clk 00:15:08]} {[%emt 00:06:02]}
f6 {[%clk 00:06:26]} {[%emt 00:03:36]} 26. Rd3 {[%clk 00:11:35]} {[%emt
00:04:04]} Bxe3 {[%clk 00:04:23]} {[%emt 00:02:34]} 27. Rdxe3 {[%clk 00:10:06]}
{[%emt 00:01:59]} Rd2 {[%clk 00:04:31]} {[%emt 00:00:22]} 28. h4 {[%clk
00:08:34]} {[%emt 00:02:02]} Bf7 {[%clk 00:02:39]} {[%emt 00:02:21]} 29. Bb1
{[%clk 00:08:09]} {[%emt 00:00:55]} g5 {[%clk 00:02:29]} {[%emt 00:00:40]} 30.
Qg2 {[%clk 00:06:13]} {[%emt 00:02:26]} Rd4 {[%clk 00:02:32]} {[%emt 00:00:26]}
31. Be4 {[%clk 00:03:24]} {[%emt 00:03:20]} Bg6 {[%clk 00:02:44]} {[%emt
00:00:18]} 32. Qf3 {[%clk 00:01:55]} {[%emt 00:01:59]} Qd7 {[%clk 00:02:25]}
{[%emt 00:00:48]} 33. Kg2 {[%clk 00:01:33]} {[%emt 00:00:52]} Rd8 {[%clk
00:02:21]} {[%emt 00:00:34]} 34. hxg5 {[%clk 00:01:00]} {[%emt 00:01:03]} hxg5
{[%clk 00:02:42]} {[%emt 00:00:09]} 35. Rh1 {[%clk 00:01:16]} {[%emt 00:00:15]}
Bxe4 {[%clk 00:02:22]} {[%emt 00:00:49]} 36. Rxe4 {[%clk 00:01:44]} {[%emt
00:00:02]} Rd3 {[%clk 00:02:45]} {[%emt 00:00:07]} 37. Re3 {[%clk 00:00:49]}
{[%emt 00:01:26]} Rd4 {[%clk 00:02:27]} {[%emt 00:00:47]} 38. Re4 {[%clk
00:01:01]} {[%emt 00:00:18]} Rd3 {[%clk 00:02:50]} {[%emt 00:00:07]} 39. Re3
{[%clk 00:01:07]} {[%emt 00:00:24]} Rd4 {[%clk 00:02:41]} {[%emt 00:00:39]} 40.
Re4 {[%clk 00:01:27]} {[%emt 00:00:10]} 1/2-1/2

[Event "Hoogeveen Open"]
[Site "Hoogeveen, Netherlands"]
[Date "2018.10.22"]
[Round "3.3"]
[White "Karthikeyan, P."]
[Black "Guseinov, Gadir"]
[Result "0-1"]
[WhiteElo "2443"]
[BlackElo "2667"]

1. e4 {[%clk 01:30:44]} {[%emt 00:00:15]} c5 {[%clk 01:30:51]} {[%emt
00:00:08]} 2. Nf3 {[%clk 01:31:03]} {[%emt 00:00:13]} Nc6 {[%clk 01:29:17]}
{[%emt 00:02:04]} 3. d4 {[%clk 01:31:23]} {[%emt 00:00:09]} cxd4 {[%clk
01:29:42]} {[%emt 00:00:06]} 4. Nxd4 {[%clk 01:31:48]} {[%emt 00:00:05]} g6
{[%clk 01:29:36]} {[%emt 00:00:36]} 5. c4 {[%clk 01:31:21]} {[%emt 00:00:56]}
Nf6 {[%clk 01:26:22]} {[%emt 00:03:44]} 6. Nc3 {[%clk 01:31:15]} {[%emt
00:00:36]} d6 {[%clk 01:26:45]} {[%emt 00:00:08]} 7. Nc2 {[%clk 01:30:39]}
{[%emt 00:01:05]} Bg7 {[%clk 01:26:45]} {[%emt 00:00:30]} 8. Be2 {[%clk
01:30:54]} {[%emt 00:00:14]} O-O {[%clk 01:26:58]} {[%emt 00:00:18]} 9. O-O
{[%clk 01:30:56]} {[%emt 00:00:28]} Nd7 {[%clk 01:27:14]} {[%emt 00:00:15]} 10.
Bd2 {[%clk 01:30:23]} {[%emt 00:01:02]} a5 {[%clk 01:27:28]} {[%emt 00:00:17]}
11. Kh1 {[%clk 01:27:45]} {[%emt 00:03:06]} Nc5 {[%clk 01:26:41]} {[%emt
00:01:18]} 12. f3 {[%clk 01:26:45]} {[%emt 00:01:30]} Be6 {[%clk 01:21:51]}
{[%emt 00:05:21]} 13. Ne3 {[%clk 01:18:54]} {[%emt 00:08:20]} a4 {[%clk
01:08:34]} {[%emt 00:13:48]} 14. Rb1 {[%clk 01:16:07]} {[%emt 00:03:16]} Nd4
{[%clk 01:03:05]} {[%emt 00:06:00]} 15. Ned5 {[%clk 01:14:46]} {[%emt
00:01:50]} Re8 {[%clk 00:51:51]} {[%emt 00:11:44]} 16. Bg5 {[%clk 01:12:32]}
{[%emt 00:02:43]} Nxe2 {[%clk 00:45:55]} {[%emt 00:06:27]} 17. Qxe2 {[%clk
01:10:40]} {[%emt 00:02:21]} Nd7 {[%clk 00:45:58]} {[%emt 00:00:29]} 18. f4
{[%clk 01:05:27]} {[%emt 00:05:42]} Bxd5 {[%clk 00:42:50]} {[%emt 00:03:38]} 19.
Nxd5 {[%clk 01:05:15]} {[%emt 00:00:41]} Nb6 {[%clk 00:43:16]} {[%emt
00:00:05]} 20. f5 {[%clk 01:03:36]} {[%emt 00:02:08]} Nxd5 {[%clk 00:42:46]}
{[%emt 00:01:01]} 21. exd5 {[%clk 01:02:57]} {[%emt 00:01:07]} Qd7 {[%clk
00:43:07]} {[%emt 00:00:10]} 22. Rf3 {[%clk 00:59:09]} {[%emt 00:04:18]} b5
{[%clk 00:37:02]} {[%emt 00:06:36]} 23. Rbf1 {[%clk 00:54:59]} {[%emt
00:04:38]} bxc4 {[%clk 00:33:38]} {[%emt 00:03:55]} 24. Qxc4 {[%clk 00:50:48]}
{[%emt 00:04:41]} Rac8 {[%clk 00:33:32]} {[%emt 00:00:37]} 25. Qh4 {[%clk
00:31:59]} {[%emt 00:19:18]} Qb5 {[%clk 00:31:41]} {[%emt 00:02:22]} 26. Bxe7
{[%clk 00:28:16]} {[%emt 00:04:13]} Rc4 {[%clk 00:13:49]} {[%emt 00:18:22]} 27.
fxg6 {[%clk 00:27:12]} {[%emt 00:01:33]} fxg6 {[%clk 00:14:07]} {[%emt
00:00:13]} 28. Qg5 {[%clk 00:23:05]} {[%emt 00:04:36]} Re4 {[%clk 00:14:04]}
{[%emt 00:00:33]} 29. Bxd6 {[%clk 00:18:02]} {[%emt 00:05:34]} Re1 {[%clk
00:14:04]} {[%emt 00:00:30]} 30. Qf4 {[%clk 00:16:56]} {[%emt 00:01:35]} Qxd5
{[%clk 00:13:59]} {[%emt 00:00:36]} 31. b3 {[%clk 00:11:35]} {[%emt 00:05:51]}
axb3 {[%clk 00:08:30]} {[%emt 00:05:59]} 32. axb3 {[%clk 00:11:01]} {[%emt
00:01:03]} Rxf1+ {[%clk 00:07:47]} {[%emt 00:01:13]} 33. Rxf1 {[%clk 00:11:27]}
{[%emt 00:00:04]} Qxb3 {[%clk 00:07:57]} {[%emt 00:00:21]} 34. h3 {[%clk
00:09:25]} {[%emt 00:02:31]} Qd5 {[%clk 00:07:46]} {[%emt 00:00:42]} 35. Rb1
{[%clk 00:03:41]} {[%emt 00:06:15]} h5 {[%clk 00:06:47]} {[%emt 00:01:29]} 36.
Rb8 {[%clk 00:00:38]} {[%emt 00:03:33]} Rxb8 {[%clk 00:06:19]} {[%emt
00:00:58]} 37. Bxb8 {[%clk 00:01:07]} {[%emt 00:00:01]} Qd1+ {[%clk 00:06:32]}
{[%emt 00:00:17]} 38. Kh2 {[%clk 00:01:35]} {[%emt 00:00:01]} Bd4 {[%clk
00:06:56]} {[%emt 00:00:07]} 39. Bd6 {[%clk 00:00:34]} {[%emt 00:01:31]} Bg1+
{[%clk 00:05:54]} {[%emt 00:01:31]} 40. Kg3 {[%clk 00:00:56]} {[%emt 00:00:09]}
Qe1+ {[%clk 00:06:14]} {[%emt 00:00:11]} 41. Kf3 {[%clk 00:30:23]} {[%emt
00:01:02]} Qf2+ {[%clk 00:36:37]} {[%emt 00:00:07]} 42. Ke4 {[%clk 00:30:29]}
{[%emt 00:00:24]} Qd4+ {[%clk 00:37:01]} {[%emt 00:00:05]} 43. Kf3 {[%clk
00:30:47]} {[%emt 00:00:12]} Qd3+ {[%clk 00:37:28]} {[%emt 00:00:04]} 0-1

[Event "Hoogeveen Open"]
[Site "Hoogeveen, Netherlands"]
[Date "2018.10.22"]
[Round "3.4"]
[White "Romanov, Evgeny"]
[Black "Beerdsen, Thomas"]
[Result "1-0"]
[WhiteElo "2614"]
[BlackElo "2460"]

1. d4 {[%clk 01:22:39]} {[%emt 00:08:20]} Nf6 {[%clk 01:30:41]} {[%emt
00:00:19]} 2. Nf3 {[%clk 01:21:16]} {[%emt 00:01:53]} e6 {[%clk 01:30:22]}
{[%emt 00:00:48]} 3. e3 {[%clk 01:17:07]} {[%emt 00:04:39]} c5 {[%clk
01:26:31]} {[%emt 00:04:22]} 4. Bd3 {[%clk 01:15:53]} {[%emt 00:01:45]} Nc6
{[%clk 01:26:03]} {[%emt 00:00:58]} 5. O-O {[%clk 01:16:10]} {[%emt 00:00:12]}
d5 {[%clk 01:22:43]} {[%emt 00:03:49]} 6. b3 {[%clk 01:16:15]} {[%emt
00:00:26]} Bd6 {[%clk 01:21:26]} {[%emt 00:01:47]} 7. Bb2 {[%clk 01:16:38]}
{[%emt 00:00:07]} Qc7 {[%clk 01:21:04]} {[%emt 00:00:52]} 8. c4 {[%clk
01:12:50]} {[%emt 00:04:19]} dxc4 {[%clk 01:16:58]} {[%emt 00:04:35]} 9. bxc4
{[%clk 01:12:53]} {[%emt 00:00:27]} O-O {[%clk 01:14:48]} {[%emt 00:02:40]} 10.
Nc3 {[%clk 01:05:52]} {[%emt 00:07:31]} a6 {[%clk 01:05:04]} {[%emt 00:10:14]}
11. d5 {[%clk 00:59:09]} {[%emt 00:07:13]} Ne7 {[%clk 01:00:27]} {[%emt
00:05:06]} 12. a4 {[%clk 00:54:29]} {[%emt 00:05:11]} Rd8 {[%clk 00:53:36]}
{[%emt 00:07:20]} 13. e4 {[%clk 00:50:38]} {[%emt 00:04:21]} Ng6 {[%clk
00:49:17]} {[%emt 00:04:49]} 14. h3 {[%clk 00:47:24]} {[%emt 00:03:44]} e5
{[%clk 00:46:11]} {[%emt 00:03:36]} 15. Re1 {[%clk 00:45:20]} {[%emt 00:02:34]}
Bd7 {[%clk 00:43:34]} {[%emt 00:03:06]} 16. a5 {[%clk 00:44:24]} {[%emt
00:01:27]} Rab8 {[%clk 00:38:13]} {[%emt 00:05:50]} 17. Bf1 {[%clk 00:41:53]}
{[%emt 00:03:01]} Rf8 {[%clk 00:35:49]} {[%emt 00:02:54]} 18. Bc1 {[%clk
00:40:58]} {[%emt 00:01:25]} Nh5 {[%clk 00:32:48]} {[%emt 00:03:31]} 19. Be3
{[%clk 00:37:47]} {[%emt 00:03:40]} Nhf4 {[%clk 00:31:31]} {[%emt 00:01:47]} 20.
Nd2 {[%clk 00:36:27]} {[%emt 00:01:51]} f5 {[%clk 00:29:39]} {[%emt 00:02:22]}
21. exf5 {[%clk 00:35:50]} {[%emt 00:01:07]} Nh4 {[%clk 00:28:06]} {[%emt
00:02:03]} 22. Nce4 {[%clk 00:35:06]} {[%emt 00:01:14]} Bxf5 {[%clk 00:27:06]}
{[%emt 00:01:30]} 23. Bxf4 {[%clk 00:31:50]} {[%emt 00:03:46]} exf4 {[%clk
00:27:16]} {[%emt 00:00:20]} 24. Qh5 {[%clk 00:31:58]} {[%emt 00:00:21]} Ng6
{[%clk 00:24:55]} {[%emt 00:02:51]} 25. Ng5 {[%clk 00:30:33]} {[%emt 00:01:55]}
h6 {[%clk 00:23:41]} {[%emt 00:01:45]} 26. Ne6 {[%clk 00:30:21]} {[%emt
00:00:41]} Qf7 {[%clk 00:23:08]} {[%emt 00:01:03]} 27. Nxf8 {[%clk 00:26:18]}
{[%emt 00:04:34]} Rxf8 {[%clk 00:21:01]} {[%emt 00:02:37]} 28. Ra3 {[%clk
00:26:41]} {[%emt 00:00:06]} Qf6 {[%clk 00:18:51]} {[%emt 00:02:41]} 29. Bd3
{[%clk 00:21:29]} {[%emt 00:05:42]} Qb2 {[%clk 00:18:25]} {[%emt 00:00:56]} 30.
Bxf5 {[%clk 00:21:11]} {[%emt 00:00:49]} Qxd2 {[%clk 00:18:45]} {[%emt
00:00:10]} 31. Qd1 {[%clk 00:15:37]} {[%emt 00:06:03]} Qxd1 {[%clk 00:16:51]}
{[%emt 00:02:25]} 32. Be6+ {[%clk 00:16:01]} {[%emt 00:00:06]} Kh7 {[%clk
00:16:55]} {[%emt 00:00:26]} 33. Rxd1 {[%clk 00:16:24]} {[%emt 00:00:08]} Ne5
{[%clk 00:17:08]} {[%emt 00:00:16]} 34. Rb3 {[%clk 00:15:11]} {[%emt 00:01:43]}
Nxc4 {[%clk 00:15:55]} {[%emt 00:01:43]} 35. Rxb7 {[%clk 00:14:57]} {[%emt
00:00:44]} Nxa5 {[%clk 00:15:50]} {[%emt 00:00:35]} 36. Rd7 {[%clk 00:04:53]}
{[%emt 00:10:33]} Be5 {[%clk 00:11:33]} {[%emt 00:04:47]} 37. d6 {[%clk
00:05:16]} {[%emt 00:00:07]} Nc6 {[%clk 00:11:18]} {[%emt 00:00:45]} 38. Rd5
{[%clk 00:05:41]} {[%emt 00:00:05]} Kg6 {[%clk 00:08:53]} {[%emt 00:02:55]} 39.
Rxc5 {[%clk 00:02:45]} {[%emt 00:03:27]} Kf6 {[%clk 00:08:45]} {[%emt
00:00:38]} 40. Rxc6 {[%clk 00:01:45]} {[%emt 00:01:30]} Kxe6 {[%clk 00:09:08]}
{[%emt 00:00:06]} 41. Re7+ {[%clk 00:02:05]} {[%emt 00:00:10]} 1-0